[Event "30.Alpenpokal Obersdorf op"]
[Site "Tiefenbach (08.01.-18.01)"]
[Date "2004.??.??"]
[Round "4.18"]
[White "Blosze, Winfried"]
[Black "Fehres, Werner"]
[Result "0-1"]
[WhiteElo "1730"]
[BlackElo "1791"]
[PlyCount "75"]
[EventDate "2004.01.??"]
[Source "ChessOrg"]
[SourceDate "2005.04.24"]

1. e4 e5 2. Nf3 d6 3. Bc4 h6 4. Nc3 c6 5. d4 Qc7 6. Qd3 Be7 7. Bd2 Nf6 8. Ne2
d5 9. Nxe5 dxc4 10. Nxc4 O-O 11. Bf4 Qd8 12. O-O-O Na6 13. Nc3 Nb4 14. Qe2 Be6
15. a3 b5 16. Ne5 Na2+ 17. Nxa2 Bxa2 18. Nxc6 Qe8 19. Nxe7+ Qxe7 20. Bd2 Bc4
21. Qe1 Rfc8 22. f3 Nd7 23. g4 Bb3 24. Bc3 Qg5+ 25. Qd2 Qxd2+ 26. Rxd2 Ba2 27.
Ba5 f6 28. h4 Bf7 29. Re1 Re8 30. c3 Rac8 31. d5 Rc5 32. Red1 Rec8 33. Rd4 Re8
34. Kc2 Rcc8 35. b3 Nc5 36. Rb4 Nd7 37. Rxb5 h5 38. g5 0-1

[Event "30.Alpenpokal Obersdorf op"]
[Site "Tiefenbach (08.01.-18.01)"]
[Date "2004.??.??"]
[Round "4.19"]
[White "Sakowski, Christian"]
[Black "Angerer, Martin"]
[Result "1/2-1/2"]
[WhiteElo "1776"]
[BlackElo "1930"]
[PlyCount "48"]
[EventDate "2004.01.??"]
[Source "ChessOrg"]
[SourceDate "2005.04.24"]

1. d4 Nf6 2. Nf3 c5 3. c3 e6 4. Bf4 Be7 5. e3 O-O 6. Bd3 b6 7. Nbd2 Bb7 8. h3
d6 9. Qe2 Nc6 10. O-O cxd4 11. exd4 Re8 12. Rfe1 Qd7 13. Rad1 Rad8 14. Nf1 g6
15. Ne3 Nh5 16. Bh2 Bf8 17. Qc2 Rc8 18. Qa4 a6 19. d5 Ne5 20. Qxd7 Nxd7 21.
dxe6 fxe6 22. Be2 d5 23. Ne5 Nhf6 24. Nxd7 Nxd7 1/2-1/2

[Event "30.Alpenpokal Obersdorf op"]
[Site "Tiefenbach (08.01.-18.01)"]
[Date "2004.??.??"]
[Round "4.20"]
[White "Spurga, Josef"]
[Black "Zuri, Rahim"]
[Result "1-0"]
[WhiteElo "1880"]
[BlackElo "1787"]
[PlyCount "101"]
[EventDate "2004.01.??"]
[Source "ChessOrg"]
[SourceDate "2005.04.24"]

1. e4 c5 2. Nc3 Nc6 3. g3 g6 4. Bg2 Bg7 5. d3 e6 6. Be3 d6 7. Qd2 Nge7 8. f4 b6
9. Nf3 Bb7 10. O-O O-O 11. Rad1 d5 12. exd5 exd5 13. d4 Nf5 14. Ne2 Re8 15. Bf2
Ba6 16. Rfe1 Bxe2 17. Rxe2 Ncxd4 18. Rxe8+ Qxe8 19. Nxd4 cxd4 20. Bxd5 Rc8 21.
Re1 Qd7 22. Be4 h5 23. c3 Qa4 24. Bxf5 gxf5 25. Bxd4 Rd8 26. Rd1 Qxa2 27. Qe2
Qe6 28. Qf2 Re8 29. Bxg7 Kxg7 30. Qd2 Qe3+ 31. Qxe3 Rxe3 32. Kf2 Re6 33. Rd2
Kf8 34. Rd5 Rf6 35. Re5 Kg7 36. Ke3 Re6 37. Kd4 Rd6+ 38. Rd5 Rf6 39. b4 a6 40.
c4 Kg6 41. c5 bxc5+ 42. Kxc5 h4 43. Rd6 Re6 44. Rxe6+ fxe6 45. Kb6 Kh5 46. Kxa6
hxg3 47. hxg3 Kg4 48. b5 Kxg3 49. b6 e5 50. fxe5 f4 51. b7 1-0

[Event "30.Alpenpokal Obersdorf op"]
[Site "Tiefenbach (08.01.-18.01)"]
[Date "2004.??.??"]
[Round "4.21"]
[White "Schulz, Toni,Prof.Dr[48]"]
[Black "Borries, Barbara"]
[Result "1/2-1/2"]
[WhiteElo "1854"]
[BlackElo "1703"]
[PlyCount "89"]
[EventDate "2004.01.??"]
[Source "ChessOrg"]
[SourceDate "2005.04.24"]

1. Nf3 d5 2. g3 Nf6 3. Bg2 e6 4. O-O Nbd7 5. d3 Bd6 6. Nbd2 e5 7. c3 O-O 8. e4
c6 9. Qc2 h6 10. Re1 Re8 11. Nf1 dxe4 12. dxe4 Bc5 13. b4 Bb6 14. Be3 Qc7 15.
Bxb6 Nxb6 16. Ne3 a5 17. a3 Be6 18. c4 axb4 19. axb4 Rxa1 20. Rxa1 Rd8 21. c5
Nbd7 22. Nc4 Bxc4 23. Qxc4 b6 24. Rd1 bxc5 25. bxc5 Rb8 26. Bh3 Rb2 27. Qc3
Rxf2 28. Bxd7 Rxf3 29. Qxf3 Nxd7 30. Qc3 Qa7 31. Rc1 Qa4 32. Qc4 Qa3 33. Rc3
Qa1+ 34. Kg2 Nf6 35. Rc1 Qb2+ 36. Rc2 Qb1 37. h3 Qa1 38. Qe2 Qb1 39. Rb2 Qxe4+
40. Qxe4 Nxe4 41. Rb6 Nxc5 42. Rxc6 Ne6 43. Rc8+ Kh7 44. Kf2 Kg6 45. Re8
1/2-1/2

[Event "30.Alpenpokal Obersdorf op"]
[Site "Tiefenbach (08.01.-18.01)"]
[Date "2004.??.??"]
[Round "4.22"]
[White "Boehm, Karl[33Vahr]"]
[Black "Herzog, Manfred[60Sulzf]"]
[Result "0-1"]
[WhiteElo "1595"]
[BlackElo "1725"]
[PlyCount "130"]
[EventDate "2004.01.??"]
[Source "ChessOrg"]
[SourceDate "2005.04.24"]

1. d4 Nf6 2. Nf3 g6 3. c4 c5 4. d5 b5 5. cxb5 a6 6. Nc3 axb5 7. Nxb5 Qa5+ 8.
Nc3 Ba6 9. Bd2 Qc7 10. g3 d6 11. Bg2 Nbd7 12. O-O Bg7 13. Re1 O-O 14. e4 Rfb8
15. Qc2 Ng4 16. b3 Nge5 17. Nxe5 Nxe5 18. Be3 Nd3 19. Red1 Bd4 20. Bf1 Nb4 21.
Qd2 Bxf1 22. Rxf1 Bxc3 23. Qxc3 Nxa2 24. Qb2 Nb4 25. Bh6 f6 26. h4 Nd3 27. Qc3
Ne5 28. Kg2 Rxa1 29. Rxa1 Qb7 30. Ra3 Qc8 31. Ra7 Kf7 32. Bd2 Rb4 33. f3 Qb8
34. Ra3 Qb5 35. Qe3 Rd4 36. Ra5 Qd3 37. Qxd3 Rxd3 38. Bh6 Rxb3 39. Ra8 Nd7 40.
Rh8 g5 41. hxg5 Kg6 42. Rg8+ Kh5 43. g4+ $2 (43. Bf8 Nxf8 (43... Rb8 44. Kh3
Ne5 45. g4+ Nxg4 46. fxg4#) 44. gxf6 $1 exf6 (44... Ng6 45. f7 Rb2+ 46. Kh3)
45. Rxf8) 43... Kh4 44. gxf6 Rb2+ 45. Kf1 Nxf6 46. Rg7 Kg3 47. Rxe7 Kxf3 48.
Ke1 Rb1+ 49. Kd2 Nxg4 50. Rxh7 Kxe4 51. Bf8 Kxd5 52. Rd7 Rb6 53. Bg7 Kc6 54.
Rd8 Ne5 55. Bxe5 dxe5 56. Kc3 Rb4 57. Rc8+ Kd5 58. Rd8+ Ke4 59. Rc8 Rb5 60. Kc4
Ra5 61. Rh8 Kf3 62. Rh3+ Kg4 63. Re3 Kf4 64. Re1 e4 65. Kd5 e3 0-1

[Event "30.Alpenpokal Obersdorf op"]
[Site "Tiefenbach (08.01.-18.01)"]
[Date "2004.??.??"]
[Round "4.23"]
[White "Poell, Guenter"]
[Black "Josting, Friedel"]
[Result "1/2-1/2"]
[WhiteElo "1765"]
[BlackElo "1845"]
[PlyCount "61"]
[EventDate "2004.01.??"]
[Source "ChessOrg"]
[SourceDate "2005.04.24"]

1. f4 c5 2. Nf3 Nc6 3. e4 d6 4. c4 g6 5. d3 Bg7 6. Nc3 Nf6 7. Be2 a6 8. a4 O-O
9. O-O Bg4 10. h3 Bxf3 11. Bxf3 Rb8 12. Qd2 Nd4 13. Bd1 b5 14. axb5 axb5 15.
Nxb5 Nxb5 16. cxb5 Rxb5 17. Rb1 Qb6 18. Kh2 Rb8 19. Re1 Rb4 20. b3 c4 21. Ba3
Ra4 22. bxa4 Qxb1 23. Bc2 Qa2 24. Bc1 cxd3 25. Qxd3 Nd7 26. Be3 Bf6 27. Re2 Qe6
28. Bd1 g5 29. g3 gxf4 30. gxf4 Kh8 31. Bc2 1/2-1/2

[Event "30.Alpenpokal Obersdorf op"]
[Site "Tiefenbach (08.01.-18.01)"]
[Date "2004.??.??"]
[Round "4.26"]
[White "Besler, Ralf"]
[Black "Meyer, Thomas[52Tübing]"]
[Result "1-0"]
[WhiteElo "1808"]
[BlackElo "1598"]
[PlyCount "121"]
[EventDate "2004.01.??"]
[Source "ChessOrg"]
[SourceDate "2005.04.24"]

1. Nf3 d5 2. c4 c6 3. b3 Nf6 4. Bb2 e6 5. g3 Bd6 6. Bg2 Nbd7 7. d4 O-O 8. O-O
Re8 9. Nbd2 e5 10. cxd5 cxd5 11. dxe5 Nxe5 12. Nxe5 Bxe5 13. Bxe5 Rxe5 14. Nf3
Re8 15. Nd4 Bg4 16. Qd2 Rc8 17. Rac1 Qb6 18. f3 Rxc1 19. Rxc1 Bd7 20. e3 Rc8
21. Rxc8+ Bxc8 22. Qc3 Bd7 23. Bf1 h6 24. Kf2 Ne8 25. Bd3 Qc7 26. Qxc7 Nxc7 27.
Bf5 Ne6 28. Bxe6 fxe6 29. f4 Kf7 30. a4 a6 31. Ke2 b6 32. Nf3 Ke7 33. Ne5 Be8
34. Kd3 Kd6 35. Kd4 b5 36. axb5 Bxb5 37. b4 Be8 38. g4 Ba4 39. h4 Bb5 40. g5
hxg5 41. fxg5 Be2 42. g6 Bd1 43. Nf7+ Ke7 44. Ke5 Bh5 45. Ng5 Bxg6 46. h5 Bxh5
47. Nxe6 Bg6 48. Nc5 Bf7 49. Nxa6 Kd7 50. b5 Kc8 51. Nb4 Kc7 52. Nxd5+ Bxd5 53.
Kxd5 Kb6 54. e4 g5 55. Ke5 Kxb5 56. Kf5 g4 57. Kxg4 Kc6 58. Kf5 Kd7 59. Kf6 Ke8
60. Ke6 Kd8 61. Kf7 1-0

[Event "30.Alpenpokal Obersdorf op"]
[Site "Tiefenbach (08.01.-18.01)"]
[Date "2004.??.??"]
[Round "4.27"]
[White "Fischer, Paul[37Hiltrup]"]
[Black "Drewitz, Friedel"]
[Result "1-0"]
[WhiteElo "1740"]
[BlackElo "1749"]
[PlyCount "75"]
[EventDate "2004.01.??"]
[Source "ChessOrg"]
[SourceDate "2005.04.24"]

1. Nc3 e5 2. Nf3 d6 3. d4 exd4 4. Nxd4 c6 5. e4 Be7 6. Bc4 Nf6 7. Bf4 O-O 8.
O-O b5 9. Bd3 b4 10. Nce2 c5 11. Nb3 Bb7 12. Ng3 Nbd7 13. Qe2 Ne5 14. Nxc5 Ng6
15. Nxb7 Nxf4 16. Nxd8 Nxe2+ 17. Bxe2 Bxd8 18. Rad1 Bc7 19. Nf5 Nxe4 20. Rd4
Rae8 21. Rxb4 Bb6 22. Bd3 d5 23. g3 Nd2 24. Rd1 Nf3+ 25. Kg2 Ne1+ 26. Kf1 Nxd3
27. Rxd3 Re5 28. Ne3 Re4 29. Nxd5 Re6 30. Nxb6 axb6 31. Rdb3 g6 32. Rxb6 Ree8
33. a4 Rd8 34. Rd3 Rc8 35. c3 Rfe8 36. b4 Ra8 37. a5 Re5 38. a6 1-0

[Event "30.Alpenpokal Obersdorf op"]
[Site "Tiefenbach (08.01.-18.01)"]
[Date "2004.??.??"]
[Round "4.28"]
[White "Kycler, Jan"]
[Black "Schenfeld, Waldemar"]
[Result "1-0"]
[WhiteElo "1762"]
[BlackElo "1538"]
[PlyCount "125"]
[EventDate "2004.01.??"]
[Source "ChessOrg"]
[SourceDate "2005.04.24"]

1. Nf3 Nf6 2. d4 e6 3. Bf4 d5 4. e3 Nbd7 5. c4 c6 6. Nc3 Be7 7. Bd3 Nh5 8. Bg3
Nxg3 9. hxg3 h6 10. Ne5 Nxe5 11. dxe5 Qb6 12. Qb3 Qxb3 13. axb3 O-O 14. Ke2 Rd8
15. Na4 Bd7 16. c5 Rdb8 17. Ra2 b5 18. cxb6 axb6 19. Rha1 b5 20. Nb6 Rxa2 21.
Rxa2 Rxb6 22. Ra7 c5 23. Rxd7 Kf8 24. Rc7 Ke8 25. Ra7 c4 26. Ra8+ Bd8 27. Bc2
Rb7 28. Kd2 Ke7 29. Kc3 b4+ 30. Kd2 Rc7 31. Rb8 c3+ 32. bxc3 bxc3+ 33. Kd3 f6
34. exf6+ gxf6 35. b4 e5 36. Rb5 Ke6 37. Rb6+ Kd7 38. Rb5 Kd6 39. Bb3 e4+ 40.
Kc2 Kc6 41. Rxd5 Be7 42. Kxc3 Kb6+ 43. Bc4 Ra7 44. Rb5+ Kc6 45. Rb8 f5 46. Rb5
Bd6 47. Rxf5 Ra3+ 48. Kd4 Bxb4 49. Rf6+ Kc7 50. Rxh6 Be1 51. Ra6 Rxa6 52. Bxa6
Bxf2 53. g4 Bh4 54. Kxe4 Bg5 55. Kf5 Bxe3 56. g5 Kd7 57. Kf6 Bd4+ $2 (57... Ke8
58. g6 Bd4+ {ist remis}) 58. Kf7 Be5 59. g6 Kd6 60. g4 Bc3 61. g7 Bxg7 62. Kxg7
Ke6 63. g5 1-0

[Event "30.Alpenpokal Obersdorf op"]
[Site "Tiefenbach (08.01.-18.01)"]
[Date "2004.??.??"]
[Round "4.29"]
[White "Luebbers, Doris,Dr."]
[Black "Winter, Rudolf[29GGerau]"]
[Result "0-1"]
[WhiteElo "1403"]
[BlackElo "1687"]
[PlyCount "92"]
[EventDate "2004.01.??"]
[Source "ChessOrg"]
[SourceDate "2005.04.24"]

1. d4 Nf6 2. Nf3 e6 3. e3 b6 4. Be2 Bb7 5. b3 d5 6. Ba3 Bxa3 7. Nxa3 Qe7 8. Nb1
Nbd7 9. O-O O-O 10. Nbd2 c5 11. c4 Rfd8 12. Qb1 Ne4 13. Qb2 Ndf6 14. dxc5 bxc5
15. Rad1 a5 16. cxd5 exd5 17. Nxe4 Nxe4 18. Nd2 Nf6 19. Nf3 Ne4 20. Nd2 Ng5 21.
Qc1 Rac8 22. Nf3 Ne6 23. Qa1 h6 24. Ne5 Qg5 25. f4 Qe7 26. Bg4 Rc7 27. Rde1 d4
28. Nc4 a4 29. bxa4 Ba6 30. Qc1 Qe8 31. Qc2 d3 32. Qb3 Rb7 33. Nb6 d2 34. Rd1
Bxf1 35. Kxf1 Qc6 36. a5 Qc7 37. Bxe6 fxe6 38. Qxe6+ Kh8 39. Ke2 Ra7 40. Nc4
Qb7 41. Qg4 Qb5 42. Qe6 Rxa5 43. Rxd2 Rxd2+ 44. Kxd2 Rxa2+ 45. Kd3 Qb1+ 46. Kc3
Qc2# 0-1

[Event "30.Alpenpokal Obersdorf op"]
[Site "Tiefenbach (08.01.-18.01)"]
[Date "2004.??.??"]
[Round "4.30"]
[White "Schulz, Hermann[35Ülzen]"]
[Black "Tauscher, Max"]
[Result "0-1"]
[WhiteElo "1611"]
[BlackElo "1604"]
[PlyCount "35"]
[EventDate "2004.01.??"]
[Source "ChessOrg"]
[SourceDate "2005.04.24"]

1. e4 c5 2. Nf3 d6 3. d4 cxd4 4. Nxd4 Nc6 5. Nc3 a5 6. Be2 g6 7. O-O Bg7 8. Be3
Nf6 9. Qd2 O-O 10. Rad1 Bd7 11. Kh1 Qc8 12. f4 e5 13. Nb3 Ne8 14. Nd5 Qd8 15.
Bb6 Qc8 16. Nxa5 Nf6 17. Nxc6 Qxc6 18. Ne7+ 0-1

[Event "30.Alpenpokal Obersdorf op"]
[Site "Tiefenbach (08.01.-18.01)"]
[Date "2004.??.??"]
[Round "4.31"]
[White "Weissenfels, Gerd"]
[Black "Marek, Herbert"]
[Result "0-1"]
[WhiteElo "1275"]
[BlackElo "1651"]
[PlyCount "34"]
[EventDate "2004.01.??"]
[Source "ChessOrg"]
[SourceDate "2005.04.24"]

1. e4 c5 2. Nc3 Nc6 3. Nf3 d6 4. g3 Bg4 5. Bg2 e6 6. O-O Be7 7. d3 h5 8. Qd2 h4
9. h3 Bxf3 10. Bxf3 hxg3 11. Bg2 gxf2+ 12. Qxf2 Nf6 13. Bg5 Qa5 14. Bd2 Qd8 15.
Qg3 Nh5 16. Qf3 Ne5 17. Qe2 Ng3 0-1

[Event "30.Alpenpokal Obersdorf op"]
[Site "Tiefenbach (08.01.-18.01)"]
[Date "2004.??.??"]
[Round "5.1"]
[White "Jolowicz, Matias,Dr."]
[Black "Merkel, Gerd"]
[Result "1/2-1/2"]
[WhiteElo "2133"]
[BlackElo "2095"]
[PlyCount "22"]
[EventDate "2004.01.??"]
[Source "ChessOrg"]
[SourceDate "2005.04.24"]

1. d4 Nf6 2. c4 g6 3. g3 Bg7 4. Bg2 O-O 5. Nc3 d6 6. e3 c6 7. Nge2 d5 8. cxd5
cxd5 9. Nf4 e6 10. O-O Nc6 11. b3 b6 1/2-1/2

[Event "30.Alpenpokal Obersdorf op"]
[Site "Tiefenbach (08.01.-18.01)"]
[Date "2004.??.??"]
[Round "5.2"]
[White "Schulz, Wolfgang[32Hamb]"]
[Black "Poffers, Adrian"]
[Result "1/2-1/2"]
[WhiteElo "2111"]
[BlackElo "2289"]
[PlyCount "21"]
[EventDate "2004.01.??"]
[Source "ChessOrg"]
[SourceDate "2005.04.24"]

1. e4 g6 2. d4 Bg7 3. c3 d6 4. Bg5 Nf6 5. Nd2 O-O 6. Ngf3 c5 7. dxc5 dxc5 8.
Be2 Nc6 9. O-O Qc7 10. Qc2 h6 11. Bh4 1/2-1/2

[Event "30.Alpenpokal Obersdorf op"]
[Site "Tiefenbach (08.01.-18.01)"]
[Date "2004.??.??"]
[Round "5.3"]
[White "Meyer, Gerd[61Huckarde]"]
[Black "Boeven, Manfred"]
[Result "0-1"]
[WhiteElo "1982"]
[BlackElo "2020"]
[PlyCount "132"]
[EventDate "2004.01.??"]
[Source "ChessOrg"]
[SourceDate "2005.04.24"]

1. e4 c5 2. d4 cxd4 3. c3 Nf6 4. e5 Nd5 5. Bc4 Qc7 6. Qe2 Nb6 7. Bb3 d3 8. Qxd3
Qxe5+ 9. Be3 e6 10. Nf3 Qc7 11. O-O d5 12. Re1 Be7 13. Nbd2 Nc6 14. a3 Nd7 15.
c4 Nde5 16. Nxe5 Nxe5 17. Qe2 Nxc4 18. Nxc4 dxc4 19. Bxc4 O-O 20. Rac1 Qa5 21.
Bd2 Qb6 22. Rc3 Bf6 23. Rb3 Qc7 24. Bd3 g6 25. Qf3 Bg7 26. Bf4 e5 27. Rc1 Qd6
28. Be3 Rd8 29. Bg5 f6 30. Bd2 Be6 31. Bb4 Qd7 32. Rbc3 Rac8 33. h3 Rxc3 34.
Rxc3 f5 35. Bc4 e4 36. Bxe6+ Qxe6 37. Qe3 Bxc3 38. Qxc3 h5 39. Qc7 Qd7 40. Qe5
Re8 41. Qc5 b6 42. Qc4+ Qf7 43. Qd4 Kh7 44. Bc3 f4 45. Kf1 e3 46. f3 e2+ 47.
Ke1 b5 48. Bd2 g5 49. Qd3+ Qg6 50. Qd7+ Kh6 51. Bc1 Qe6 52. Qxb5 Qd6 53. Bd2
Qxd2+ 54. Kxd2 e1=Q+ 55. Kc2 Rc8+ 56. Kb3 Qe6+ 57. Ka4 Qc6 58. b4 Qxb5+ 59.
Kxb5 Kg6 60. Ka6 Rc7 61. b5 Kf6 62. a4 Ke5 63. a5 Kd4 64. b6 axb6 65. axb6 Rc2
66. b7 Rxg2 0-1

[Event "30.Alpenpokal Obersdorf op"]
[Site "Tiefenbach (08.01.-18.01)"]
[Date "2004.??.??"]
[Round "5.4"]
[White "Schlierkamp, Ferdinand"]
[Black "Wempe, Juergen"]
[Result "1/2-1/2"]
[WhiteElo "2070"]
[BlackElo "2113"]
[PlyCount "49"]
[EventDate "2004.01.??"]
[Source "ChessOrg"]
[SourceDate "2005.04.24"]

1. e4 c5 2. Nf3 Nf6 3. Nc3 Nc6 4. d4 d5 5. exd5 Nxd5 6. Nxd5 Qxd5 7. Be3 cxd4
8. Nxd4 Nxd4 9. Qxd4 Qa5+ 10. Bd2 e5 11. Qe4 Qc5 12. Bc3 Bd6 13. O-O-O O-O 14.
Bc4 g6 15. Bb3 a5 16. Rd5 Bf5 17. Qh4 Qc6 18. Qf6 (18. Rhd1 Bc7 (18... Rad8 19.
Bxe5) 19. Ba4 Qb6 20. Bxe5 Bxe5 21. Rxe5) 18... Bc7 19. Qxc6 bxc6 20. Rc5 a4
21. Bc4 Be4 22. f3 Bd6 23. Ra5 Rxa5 24. Bxa5 Bd5 25. Rd1 1/2-1/2

[Event "30.Alpenpokal Obersdorf op"]
[Site "Tiefenbach (08.01.-18.01)"]
[Date "2004.??.??"]
[Round "5.6"]
[White "Maugg, Ludwig"]
[Black "Zuri, Amin-Barin,Dr."]
[Result "1/2-1/2"]
[WhiteElo "2028"]
[BlackElo "1919"]
[PlyCount "29"]
[EventDate "2004.01.??"]
[Source "ChessOrg"]
[SourceDate "2005.04.24"]

1. d4 Nf6 2. c4 e6 3. Nf3 d5 4. Nc3 Be7 5. Bf4 c6 6. e3 Bd6 7. Ne5 b6 8. Bd3
Qc7 9. Bg3 Bb7 10. Rc1 Nbd7 11. f4 a6 12. O-O c5 13. Qe2 O-O 14. cxd5 exd5 15.
Bf5 1/2-1/2

[Event "30.Alpenpokal Obersdorf op"]
[Site "Tiefenbach (08.01.-18.01)"]
[Date "2004.??.??"]
[Round "5.7"]
[White "Koops, Randolf"]
[Black "Emde, Rainer"]
[Result "0-1"]
[WhiteElo "2050"]
[BlackElo "1995"]
[PlyCount "120"]
[EventDate "2004.01.??"]
[Source "ChessOrg"]
[SourceDate "2005.04.24"]

1. d4 d5 2. Nf3 e6 3. c4 c5 4. cxd5 exd5 5. Nc3 Nc6 6. e3 Nf6 7. Bb5 Bd6 8. O-O
O-O 9. dxc5 Bxc5 10. a3 a6 11. Be2 Re8 12. b4 Ba7 13. b5 axb5 14. Nxb5 Bb8 15.
Bb2 Ne4 16. Rc1 Re6 17. Nbd4 Rg6 18. Kh1 Qd6 19. Nb5 Qd7 20. Nbd4 Qg4 21. Ne1
Qh4 22. Ndf3 Nxf2+ 23. Rxf2 Qxf2 24. Qxd5 Bc7 25. Bd3 Qxb2 26. Bxg6 hxg6 27.
Rxc6 bxc6 28. Qxc6 Bb7 29. Qxc7 Bxf3 30. Nxf3 Qa1+ 31. Ng1 Qxa3 32. Qf4 Re8 33.
e4 Qb4 34. h3 Qxe4 35. Qc7 Ra8 36. Qc1 Ra2 37. Nf3 Qc2 38. Qf1 Rb2 39. Kh2 Qf2
40. Qxf2 Rxf2 41. Kg3 Ra2 42. Ng5 f6 43. Ne4 Kf7 44. Kf3 Ra3+ 45. Kf2 g5 46.
Nd6+ Kg6 47. Nc4 Ra4 48. Ne3 f5 49. g4 f4 50. Nf5 Ra3 51. Kg2 Kf6 52. Nd4 g6
53. Nc6 Rd3 54. Nb4 Rd2+ 55. Kf1 Ke6 56. Nc6 Kd6 57. Nd8 Ke5 58. Nc6+ Ke4 59.
Ne7 Rd6 60. Kf2 f3 0-1

[Event "30.Alpenpokal Obersdorf op"]
[Site "Tiefenbach (08.01.-18.01)"]
[Date "2004.??.??"]
[Round "5.8"]
[White "Pruess, Martin"]
[Black "Erhart, Uwe"]
[Result "0-1"]
[WhiteElo "1827"]
[BlackElo "1993"]
[PlyCount "66"]
[EventDate "2004.01.??"]
[Source "ChessOrg"]
[SourceDate "2005.04.24"]

1. e4 c5 2. Nc3 Nc6 3. f4 e6 4. Bb5 Nge7 5. Nf3 a6 6. Be2 d5 7. e5 Nf5 8. O-O
Be7 9. Bd3 Nfd4 10. Nxd4 Nxd4 11. Be2 Bd7 12. Bf3 Bc6 13. d3 Qb6 14. Kh1 g6 15.
Rb1 Qc7 16. Ne2 Nxf3 17. Rxf3 d4 18. Rf1 Bd5 19. Ng3 Bxa2 20. Ra1 Bd5 21. b3
Qc6 22. Qe2 h5 23. Ne4 b5 24. Bd2 b4 25. Ra4 Qb5 26. Nd6+ Bxd6 27. exd6 Qc6 28.
Rf2 Kd7 29. f5 gxf5 30. Bf4 Rag8 31. h3 f6 32. Bh2 Rxg2 33. Rxg2 Rg8 0-1

[Event "30.Alpenpokal Obersdorf op"]
[Site "Tiefenbach (08.01.-18.01)"]
[Date "2004.??.??"]
[Round "5.9"]
[White "Pragua, Christoph"]
[Black "Spurga, Josef"]
[Result "1/2-1/2"]
[WhiteElo "2059"]
[BlackElo "1880"]
[PlyCount "40"]
[EventDate "2004.01.??"]
[Source "ChessOrg"]
[SourceDate "2005.04.24"]

1. d4 d5 2. Nf3 c6 3. c4 Nf6 4. Nc3 Bf5 5. Bg5 e6 6. e3 Be7 7. Be2 dxc4 8. Bxc4
Nbd7 9. O-O Ne4 10. Bxe7 Qxe7 11. Rc1 O-O 12. Qe2 Rad8 13. Rfd1 Nd6 14. Bb3 Bg4
15. h3 Bh5 16. g4 Bg6 17. e4 Kh8 18. e5 Ne8 19. Re1 Nb6 20. Qe3 Nc7 1/2-1/2

[Event "30.Alpenpokal Obersdorf op"]
[Site "Tiefenbach (08.01.-18.01)"]
[Date "2004.??.??"]
[Round "5.10"]
[White "Fehres, Werner"]
[Black "Siegmund, Rainer"]
[Result "1/2-1/2"]
[WhiteElo "1791"]
[BlackElo "1960"]
[PlyCount "24"]
[EventDate "2004.01.??"]
[Source "ChessOrg"]
[SourceDate "2005.04.24"]

1. e4 c5 2. f4 d5 3. e5 Nc6 4. c3 Nh6 5. Nf3 Bg4 6. Be2 e6 7. Na3 Nf5 8. Nc2
Be7 9. O-O Qb6 10. a3 O-O 11. Nfe1 Bxe2 12. Qxe2 g6 1/2-1/2

[Event "30.Alpenpokal Obersdorf op"]
[Site "Tiefenbach (08.01.-18.01)"]
[Date "2004.??.??"]
[Round "5.11"]
[White "Reinke, Kurt[39Benrath]"]
[Black "Hiller, Joachim[42Deidesh]"]
[Result "1/2-1/2"]
[WhiteElo "1812"]
[BlackElo "1880"]
[PlyCount "97"]
[EventDate "2004.01.??"]
[Source "ChessOrg"]
[SourceDate "2005.04.24"]

1. d4 d5 2. c4 c6 3. Nf3 Nf6 4. Nc3 e6 5. Bg5 Nbd7 6. e3 Bd6 7. Bd3 O-O 8. Rc1
dxc4 9. Bxc4 e5 10. dxe5 Nxe5 11. Nxe5 Bxe5 12. Bd3 Qa5 13. f4 Bxc3+ 14. bxc3
Nd5 15. Qf3 Re8 16. e4 h6 17. Bh4 Nxc3 18. O-O Nb5 19. e5 Qb4 20. Be1 Qd4+ 21.
Bf2 Qd7 22. Qe4 g6 23. a4 Nd6 24. Qb4 Nf5 25. Rcd1 Qc7 26. Be2 h5 27. h3 Be6
28. g4 hxg4 29. hxg4 Ne7 30. Rd6 Nd5 31. Qd2 Rad8 32. f5 Bc8 33. fxg6 Rxd6 34.
gxf7+ Qxf7 35. exd6 Qg6 36. Qd3 Re4 37. Bg3 Rxg4 38. Qxg6+ Rxg6 39. Kf2 Rf6+
40. Ke1 Rxf1+ 41. Bxf1 Nc3 42. a5 Ne4 43. Bh2 Kf8 44. Ke2 Ke8 45. Ke3 Nc5 46.
Kf4 Be6 47. Ke5 Kd7 48. Bg3 Nb3 49. Be1 1/2-1/2

[Event "30.Alpenpokal Obersdorf op"]
[Site "Tiefenbach (08.01.-18.01)"]
[Date "2004.??.??"]
[Round "5.12"]
[White "Doehner, Hans-Juergen,Prof."]
[Black "Froehlich, Rainer[37Sonth]"]
[Result "0-1"]
[WhiteElo "1912"]
[BlackElo "1980"]
[PlyCount "94"]
[EventDate "2004.01.??"]
[Source "ChessOrg"]
[SourceDate "2005.04.24"]

1. e4 e6 2. d4 d5 3. e5 c5 4. c3 Nc6 5. Nf3 Qb6 6. a3 cxd4 7. cxd4 Bd7 8. b4
Nge7 9. Bb2 Nf5 10. Be2 Rc8 11. O-O Be7 12. Qd2 O-O 13. Rd1 f6 14. g4 Nh6 15.
exf6 Rxf6 16. g5 Rg6 17. h4 Qd8 18. Bc1 Nf5 19. h5 Bxg5 $2 (19... Rxg5+ $5 20.
Nxg5 Ncxd4 21. Nf3 (21. f4 Rc2) 21... Rc2 22. Nxd4 Rxd2 23. Rxd2 Nxd4 24. Rxd4
Bf6 25. Bb2 Bxd4 26. Bxd4 Qg5+) 20. Nxg5 Rf6 21. Bb2 Rh6 22. Qf4 Qf6 23. Bg4
Kh8 24. Nf3 Nce7 25. Nc3 Be8 26. Qg5 Qf8 27. Rac1 g6 28. Qf4 gxh5 29. Bxf5 Nxf5
30. Kh2 Rf6 31. Qe5 Ng7 32. Rg1 Rxf3 33. Rg2 Qf4+ 34. Qxf4 Rxf4 35. Rcg1 Bg6
36. Ne2 Rh4+ 37. Kg3 Nf5+ 38. Kf3 Rf8 39. Rg5 Re4 40. Nc3 Nh4+ 41. Kg3 Rf3+ 42.
Kh2 Rxf2+ 43. Kg3 Rf3+ 44. Kh2 Ref4 45. Nd1 Rf1 46. Rxf1 Rxf1 47. Ne3 Re1 0-1

[Event "30.Alpenpokal Obersdorf op"]
[Site "Tiefenbach (08.01.-18.01)"]
[Date "2004.??.??"]
[Round "5.13"]
[White "Wahl, Frithjof,Dr."]
[Black "Witte, Ronald"]
[Result "1-0"]
[WhiteElo "2009"]
[BlackElo "1963"]
[PlyCount "121"]
[EventDate "2004.01.??"]
[Source "ChessOrg"]
[SourceDate "2005.04.24"]

1. e4 c5 2. Nc3 d6 3. g3 Nc6 4. Bg2 g6 5. d3 Bg7 6. f4 e6 7. Nf3 Nge7 8. O-O
Nd4 9. Ne2 Rb8 10. c3 Nxf3+ 11. Bxf3 b5 12. Be3 f5 13. d4 fxe4 14. Bxe4 d5 15.
Bg2 Nf5 16. Bf2 c4 17. g4 Ne7 18. Ng3 O-O 19. Qd2 b4 20. cxb4 Qd6 21. Ne2 Qxb4
22. Qxb4 Rxb4 23. Rab1 Bd7 24. Be1 Rb5 25. Bc3 Nc6 26. a3 Rfb8 27. Rbd1 Bf8 28.
f5 gxf5 29. gxf5 Ne7 30. fxe6 Bxe6 31. Nf4 Bg4 32. Rde1 Rd8 33. Re5 Kh8 34.
Nxd5 Nxd5 35. Rxd5 Rbxd5 36. Bxd5 Rxd5 37. Rxf8+ Kg7 38. Ra8 Rd7 39. Rc8 Be2
40. Rc6 Kg8 41. Kf2 Bd3 42. h4 Re7 43. Kg3 Kf7 44. Kf4 Re4+ 45. Kg5 Re6 46.
Rc7+ Re7 47. Rc5 Rd7 48. h5 Ke8 49. Re5+ Kf7 50. Ra5 Ke6 51. Ra6+ Kd5 52. Rf6
Re7 53. Kf4 Rc7 54. Ra6 Rf7+ 55. Kg5 Rg7+ 56. Kf6 Rb7 57. Ra5+ Kc6 58. Ke6 Rb5
59. d5+ Kb6 60. Ra4 Be4 61. Bd4+ 1-0

[Event "30.Alpenpokal Obersdorf op"]
[Site "Tiefenbach (08.01.-18.01)"]
[Date "2004.??.??"]
[Round "5.14"]
[White "Angerer, Martin"]
[Black "Moehring, Norbert"]
[Result "1-0"]
[WhiteElo "1930"]
[BlackElo "1812"]
[PlyCount "51"]
[EventDate "2004.01.??"]
[Source "ChessOrg"]
[SourceDate "2005.04.24"]

1. e4 e5 2. Nf3 Nf6 3. Nxe5 d6 4. Nf3 Nxe4 5. d4 d5 6. Bd3 Bf5 7. O-O Nc6 8.
Re1 Be7 9. c4 Nb4 10. cxd5 Nxd3 11. Qxd3 Qxd5 12. Nc3 Nxc3 13. Qxc3 Be6 14. Bf4
c6 15. Re5 Qd8 16. Ng5 Bxg5 17. Rxg5 g6 18. d5 O-O 19. dxe6 fxe6 20. Qe5 Qd7
21. h4 Qf7 22. Be3 h6 23. Bd4 Kh7 24. Rg3 Rfd8 25. h5 g5 26. Rf3 1-0